[Event "Tourn. n8817"]
[Site "www.chess-mail.com"]
[Date "2016.06.27"]
[Round "1"]
[White "Mitja"]
[Black "Xkafi"]
[WhiteElo "1950"]
[BlackElo "1890"]
[Result "1/2-1/2"]
[Round "1"]
1.d4 d5
2.e3 Bc8f5
3.c3 e6
4.h3 h6
5.Ng1e2 Ng8f6
6.Ne2g3 Bf5g6
7.Qd1b3 b6
8.Nb1a3 a6
9.Bf1e2 Bf8d6
10.Qb3d1 Nb8c6
11.b3 Nc6e7
12.Bc1b2 Ne7f5
13.Ng3xf5 Bg6xf5
14.Na3c2 Nf6e4
15.Be2g4 Qd8g5
16.Bg4f3 Qg5h4
17.Qd1e2 g5
18.Bf3xe4 Bf5xe4
19.Rh1g1 Be4g6
20.Kd2 Qh4e4
21.Ra1c1 c5
22.dxc5 Bd6xc5
23.c4 Ra8d8
24.Bb2xh8 dxc4
25.Ke1 cxb3
26.axb3 Rd8c8
27.Bh8d4 Bc5xd4
28.exd4 Rc8xc2
29.Rc1xc2 Qe4xc2
30.Qe2xc2 Bg6xc2
31.Kd2 Bc2e4
32.f3 Be4d5
33.b4 Kd7
34.Rg1c1 Kd6
35.Ke3 Bd5b7
36.g4 Kd7
37.h4 f6
38.hxg5 hxg5
39.f4 gxf4
40.Kxf4 Bb7c6
41.Rc1c2 a5
42.bxa5 bxa5
43.Rc2h2 Ke7
44.Rh2h7 Kd6
45.Ke3 Bc6e8
46.Rh7a7 a4
47.Ra7a6 Be8c6
48.Ra6a7 { draw }
1/2-1/2

[Event "Tourn. n8720"]
[Site "www.chess-mail.com"]
[Date "2016.06.27"]
[Round "1"]
[White "Numanoid"]
[Black "Ejner"]
[WhiteElo "2470"]
[BlackElo "2359"]
[Result "0-1"]
[Round "1"]
1.e4 e6
2.d4 d5
3.e5 c5
4.c3 Bc8d7
5.Ng1f3 a6
6.Bf1d3 cxd4
7.cxd4 Bd7b5
8.Bd3c2 Bf8b4
9.Nb1c3 Ng8e7
10.a3 Bb4xc3
11.bxc3 a5
12.a4 Bb5a6
13.Nf3g5 h6
14.Ng5h3 Qd8c7
15.Bc1d2 Nb8d7
16.Nh3f4 O-O-O
17.Nf4d3 Kb8
 { time }
0-1

[Event "Tourn. n8773"]
[Site "www.chess-mail.com"]
[Date "2016.06.27"]
[Round "1"]
[White "Pimpampum"]
[Black "Orhany24"]
[WhiteElo "2140"]
[BlackElo "2240"]
[Result "1-0"]
[Round "1"]
1.Ng1f3 d5
2.d4 Ng8f6
3.c4 c6
4.e3 Bc8g4
5.Nb1c3 e6
6.Qd1b3 Qd8c7
7.Nf3e5 Bg4f5
8.Bf1e2 Bf8e7
9.O-O O-O
10.Bc1d2 Nb8d7
11.Ne5f3 h6
12.Ra1c1 a6
13.cxd5 exd5
14.Nc3a4 b5
15.Na4c3 Ra8c8
16.h3 Be7d6
17.Rf1d1 Qc7b8
18.Bd2e1 Rf8e8
19.Be2d3 Nf6e4
20.Bd3xe4 Bf5xe4
21.Nc3xe4 Re8xe4
22.Be1b4 f6
23.Bb4xd6 Qb8xd6
24.Nf3e1 Kh8
25.Ne1d3 g5
26.Qb3c2 Kg7
27.Qc2e2 Kg6
28.Rc1c2 h5
29.Rd1c1 Qd6e6
30.Nd3c5 Nd7xc5
31.Rc2xc5 f5
32.Qe2c2 f4
33.f3 { resign }
1-0

[Event "Tourn. n8806"]
[Site "www.chess-mail.com"]
[Date "2016.06.27"]
[Round "1"]
[White "Gatrooper"]
[Black "Cal"]
[WhiteElo "1550"]
[BlackElo "1590"]
[Result "1-0"]
[Round "1"]
1.e4 e5
2.a3 a6
3.Ng1f3 d6
4.Nb1c3 h6
5.h3 Ng8f6
6.Bf1c4 b5
7.Bc4a2 c6
8.d3 Bf8e7
9.Qd1e2 O-O
10.Nf3h4 Nf6h7
11.Nh4g6 d5
12.Ng6xf8 Qd8xf8
13.exd5 cxd5
14.Ba2xd5 Ra8a7
15.Qe2e3 Nb8d7
16.Qe3xa7 Be7c5
17.Qa7a8 Nd7f6
18.Bd5a2 Nf6h5
19.Qa8d5 Nh5f6
20.Qd5xe5 Qf8d8
21.Qe5xc5 Bc8e6
22.b3 Nh7f8
23.Bc1b2 Nf8d7
24.Qc5e3 Qd8c7
25.O-O-O Qc7c6
26.g4 Nf6h7
27.Qe3d4 Nd7f6
28.Nc3e4 Nf6d5
29.Qd4xg7 { resign }
1-0

[Event "Tourn. n8806"]
[Site "www.chess-mail.com"]
[Date "2016.06.27"]
[Round "1"]
[White "Daquata"]
[Black "Gatrooper"]
[WhiteElo "1710"]
[BlackElo "1550"]
[Result "1-0"]
[Round "1"]
1.e4 e5
2.Ng1f3 Nb8c6
3.Bf1c4 d6
4.d4 Bc8e6
5.d5 Be6xd5
6.Qd1xd5 Qd8f6
7.Bc4b5 a6
8.Bb5xc6 bxc6
9.Qd5xc6 Ke7
10.Qc6xa8 Qf6e6
11.Qa8d5 Qe6g4
12.O-O Ng8f6
13.Qd5c6 Nf6xe4
14.h3 Qg4f5
15.Qc6xc7 Kf6
16.Nb1d2 h6
17.Nd2xe4 Qf5xe4
18.Bc1d2 g5
19.Rf1e1 Qe4a4
20.Bd2c3 Qa4f4
21.Nf3xe5 Kg7
22.Ne5d3 Qf4f6
23.Bc3xf6 Kxf6
24.f4 gxf4
25.Nd3xf4 Kg7
26.Nf4e6 Kg8
27.Ne6xf8 Kxf8
28.Re1e7 Rh8h7
29.Ra1f1 Kg8
30.Qc7d8 Kg7
31.Rf1xf7 Kg6
32.Qd8xd6 Kh5
33.Re7e5 Kh4
34.Qd6d4 Kg3
35.Rf7f3 { resign }
1-0

[Event "Match"]
[Site "www.echecsemail.com"]
[Date "2016.06.27"]
[Round "1"]
[White "Pinehill"]
[Black "Ztornad"]
[WhiteElo "2080"]
[BlackElo "1750"]
[Result "0-1"]
[Round "1"]
1.e4 e5
2.d4 exd4
3.Bf1c4 Ng8f6
4.e5 Qd8e7
5.Ng1f3 Nb8c6
6.O-O Nf6e4
7.Nf3xd4 Nc6xe5
8.Bc4b3 d6
9.Rf1e1 Ne4c5
10.f4 Bc8g4
11.Qd1d2 Nc5xb3
12.cxb3 O-O-O
13.fxe5 dxe5
14.Nb1a3 Rd8xd4
15.Qd2c3 Qe7b4
16.Re1xe5 Rd4d1
17.Kf2 Qb4xc3
18.bxc3 Bf8d6
19.Re5e1 Rd1xe1
20.Kxe1 Rh8e8
21.Kf2 Re8e2
22.Kf1 Bd6xh2
23.Na3c4 Re2c2
24.Bc1d2 Bg4f5
25.Kf2 Bf5d3
26.Ra1d1 Rc2xa2
27.g3 b5
28.Nc4e5 Bd3c2
29.Rd1e1 Bc2xb3
30.Re1e2 Bb3d1
{ resign }
0-1

[Event "Match"]
[Site "www.echecsemail.com"]
[Date "2016.06.27"]
[Round "1"]
[White "Willyp"]
[Black "Watford"]
[WhiteElo "1599"]
[BlackElo "1590"]
[Result "1-0"]
[Round "1"]
1.e4 e5
2.Ng1f3 Nb8c6
3.Bf1b5 a6
4.Bb5a4 d6
5.d3 Bc8d7
6.Bc1g5 Bf8e7
7.h4 h6
8.Bg5e3 Ng8f6
9.Nf3d2 b5
10.Ba4b3 O-O
11.f3 Nc6a5
12.g4 Na5xb3
13.axb3 c5
14.g5 hxg5
15.hxg5 Nf6h7
16.f4 exf4
17.Qd1h5  { time }
1-0

[Event "Match"]
[Site "www.echecsemail.com"]
[Date "2016.06.27"]
[Round "1"]
[White "Kampungboy"]
[Black "Billyg"]
[WhiteElo "1499"]
[BlackElo "1590"]
[Result "1-0"]
[Round "1"]
1.e4 e6
2.d4 d5
3.Nb1c3 Bf8b4
4.e5 Nb8c6
5.a3 Bb4a5
6.Qd1g4 g6
7.Ng1f3 h5
8.Qg4g3 Ng8e7
9.Bc1g5 a6
10.Bf1d3 Ba5b6
11.Qg3f4 Rh8f8
12.Nc3a4 Bb6a5
13.b4 Ba5b6
14.O-O Qd8d7
15.Na4xb6 cxb6
16.c3 a5
17.b5 Nc6a7
18.a4 Ne7f5
19.Ra1c1 Nf5g7
20.c4 Ng7f5
21.cxd5 exd5
22.e6 fxe6
23.Rc1c7 Qd7d6
24.Bd3xf5 Qd6xf4
25.Bf5xg6 Rf8f7
26.Bg5xf4 Kf8
27.Rc7xf7 Kg8
28.Nf3g5 { resign }
1-0

[Event "Fast Game"]
[Site "www.echecsemail.com"]
[Date "2016.06.27"]
[Round "1"]
[White "Fkarpov"]
[Black "Attatroll"]
[WhiteElo "1900"]
[BlackElo "1890"]
[Result "1-0"]
[Round "1"]
1.e4 d6
2.d4 Ng8f6
3.Bf1d3 g6
4.Bc1e3 Bf8g7
5.Nb1d2 O-O
6.Ng1e2 Nb8c6
7.a3 e5
8.d5 Nc6e7
9.O-O a6
10.f3 b5
11.b3 Bc8b7
12.c4 bxc4
13.bxc4 Ra8b8
14.Ra1b1 Bb7a8
15.Ne2c3 Nf6d7
16.Nc3a4 f5
17.Be3a7 Rb8b7
18.Rb1xb7 Ba8xb7
19.Ba7f2 f4
20.c5 Bb7c8
21.c6 Nd7b6
22.Na4xb6 cxb6
23.Nd2c4 b5
24.Nc4b2 Qd8c7
25.Qd1d2 g5
26.Qd2e2 Qc7a5
27.Rf1a1 Qa5c3
28.Bf2e1 Qc3c5
29.Qe2f2 Qc5xf2
30.Be1xf2 g4
31.Bd3e2 gxf3
32.Be2xf3 Ne7xd5
33.exd5 Bc8f5
34.Ra1c1 e4
35.Nb2d1 exf3
36.gxf3 Rf8c8
{ time. }
1-0

[Event "Fast Game"]
[Site "www.echecsemail.com"]
[Date "2016.06.27"]
[Round "1"]
[White "Attatroll"]
[Black "Fvdp"]
[WhiteElo "1880"]
[BlackElo "1829"]
[Result "0-1"]
[Round "1"]
1.e4 c5
2.Nb1c3 Nb8c6
3.g4 e6
4.Bf1g2 Ng8e7
5.h3 g6
6.d3 Bf8g7
7.Nc3e2 d5
8.exd5 Ne7xd5
9.c3 Ra8b8
10.Ng1f3 b6
11.O-O { time. }
0-1

[Event "Tourn. n8803"]
[Site "www.chess-mail.com"]
[Date "2016.06.28"]
[Round "1"]
[White "Numanoid"]
[Black "Szustan"]
[WhiteElo "2460"]
[BlackElo "2590"]
[Result "0-1"]
[Round "1"]
1.d4 d5
2.c4 dxc4
3.e4 e5
4.Ng1f3 exd4
5.Bf1xc4 Nb8c6
6.O-O Ng8f6
7.Qd1b3 Qd8d7
8.Bc1d2 g6
9.Rf1e1 Nf6h5
10.Nb1a3 a6
11.Na3c2 Bf8c5
 { time }
0-1

[Event "Tourn. n8812"]
[Site "www.chess-mail.com"]
[Date "2016.06.28"]
[Round "1"]
[White "Romaamor69"]
[Black "Raven16"]
[WhiteElo "2330"]
[BlackElo "2220"]
[Result "1-0"]
[Round "1"]
1.d4 d5
2.Ng1f3 Ng8f6
3.c4 c6
4.e3 e6
5.Nb1d2 Bf8d6
6.Bf1d3 O-O
7.O-O Nb8d7
8.Rf1e1 e5
9.cxd5 cxd5
10.e4 dxe4
11.Nd2xe4 Nf6xe4
12.Re1xe4 exd4
13.Re4xd4 Bd6c5
14.Rd4c4 Qd8b6
15.Qd1c2 h6
16.Bc1f4 Bc5d6
17.Bf4xd6 Qb6xd6
18.Ra1d1 Qd6e7
19.Rc4c7 Qe7f6
20.h3 Nd7e5
21.Nf3xe5 Qf6xe5
22.Bd3h7 Kh8
23.Rc7xf7 Bc8e6
24.Rf7xf8 Ra8xf8
25.Bh7e4 b6
26.a3 Qe5g5
27.Rd1d3 Be6f5
28.Rd3f3 g6
29.Qc2c3 Kg8
30.Be4d5 Kh7
31.Qc3c7 Kh8
32.g4 Rf8c8
33.Qc7e5 Kh7
34.Kh2 Rc8c1
35.Qe5e8 { resign }
1-0

[Event "Tourn. n8782"]
[Site "www.chess-mail.com"]
[Date "2016.06.28"]
[Round "1"]
[White "Bojan"]
[Black "Claudia"]
[WhiteElo "1940"]
[BlackElo "1870"]
[Result "0-1"]
[Round "1"]
1.c4 c5
2.g3 d6
3.Bf1g2 Ng8f6
4.Ng1f3 e6
5.d4 cxd4
6.Nf3xd4 Bf8e7
7.a3 O-O
8.Qd1b3 Qd8c7
9.Nb1c3 Nb8c6
10.Nd4xc6 bxc6
11.Bc1f4 e5
12.Bf4d2 Bc8e6
13.Nc3e4 Ra8b8
14.Qb3c2 Nf6xe4
15.Bg2xe4 f5
16.Be4g2 Be7f6
17.Ra1b1 Qc7d7
18.b4 f4
19.gxf4 Be6h3
20.Qc2e4 Bh3f5
21.Qe4e3 Bf5xb1
22.fxe5 Bf6xe5
23.Bg2h3 Bb1f5
24.Bh3g2 a5
25.O-O axb4
26.axb4 Rf8f6
27.f4 Be5b2
28.Qe3b3 Bb2d4
29.e3 Bd4b6
30.c5 Bf5e6
31.Qb3b2 dxc5
32.bxc5 Bb6c7
33.Qb2c2 Be6d5
34.Rf1f2 Rf6g6
35.Kf1 Bd5xg2
36.Rf2xg2 Rg6xg2
37.Kxg2 Rb8d8
38.Bd2c3 Qd7g4
39.Kf1 Qg4f3
40.Ke1 Qf3xe3
{ resign }
0-1

[Event "Tourn. n8845"]
[Site "www.chess-mail.com"]
[Date "2016.06.28"]
[Round "1"]
[White "Nulladies"]
[Black "Olddog55"]
[WhiteElo "1630"]
[BlackElo "1670"]
[Result "0-1"]
[Round "1"]
1.d4 d5
2.Bc1f4 e6
3.Ng1f3 Ng8f6
4.e3 Nf6e4
5.Nb1d2 f5
6.Nd2xe4 fxe4
7.Nf3e5 Qd8f6
8.Bf1e2 Bf8d6
9.Ne5g4 Qf6g6
10.Bf4g3 O-O
11.O-O Nb8c6
12.Ng4e5 Bd6xe5
13.dxe5 Rf8f5
14.Bg3f4 Nc6xe5
15.Be2g4 Ne5xg4
16.f3 Ng4f6
17.Kf2 e5
18.Bf4g3 exf3
19.gxf3 Qg6g5
20.Rf1g1 Nf6g4
21.Kg2 Ng4xe3
{ resign }
0-1

[Event "Tourn. n8809"]
[Site "www.chess-mail.com"]
[Date "2016.06.28"]
[Round "1"]
[White "Numanoid"]
[Black "B0zata"]
[WhiteElo "2450"]
[BlackElo "2260"]
[Result "0-1"]
[Round "1"]
1.d4 d5
2.c4 Ng8f6
3.Nb1c3 Nb8c6
4.Ng1f3 Bc8f5
5.cxd5 Nf6xd5
6.Qd1b3 Nd5b6
7.d5 Nb6xd5
8.Nc3xd5 Bf5e6
9.e4 Nc6a5
10.Qb3a4 c6
11.Bc1d2 b5
12.Bf1xb5 Be6d7
13.Bd2xa5 cxb5
14.Qa4b4 e6
15.Qb4d2 Qd8b8
16.Nd5c7 Ke7
 { time }
0-1

[Event "Tourn. n8626"]
[Site "www.chess-mail.com"]
[Date "2016.06.28"]
[Round "1"]
[White "Numanoid"]
[Black "Rons"]
[WhiteElo "2470"]
[BlackElo "2590"]
[Result "0-1"]
[Round "1"]
1.e4 c5
2.Nb1c3 Nb8c6
3.Ng1f3 e6
4.d4 cxd4
5.Nf3xd4 Qd8c7
6.Bf1e2 a6
7.O-O Ng8f6
8.Bc1e3 Bf8b4
9.Nc3a4 Bb4e7
10.Nd4xc6 bxc6
11.Na4b6 Ra8b8
12.Nb6xc8 Qc7xc8
13.Be3d4 c5
14.Bd4e5 Rb8b6
15.Qd1d3 d6
16.Be5c3 O-O
17.b3 d5
18.exd5 Nf6xd5
19.Bc3e5 Be7f6
20.Be5xf6 Nd5xf6
21.Ra1d1 Qc8c7
22.Qd3c4 e5
23.Qc4c3 h6
24.a4 Rf8e8
25.Be2c4 Kf8
26.Rf1e1 Rb6d6
27.h3 Nf6e4
28.Qc3e3 Ne4f6
29.Qe3c3 Nf6e4
30.Qc3a1 Ne4f6
31.Rd1xd6 Qc7xd6
32.Re1d1 Qd6b6
33.Qa1c3 a5
34.Bc4b5 Re8e7
35.Qc3d3 Re7a7
36.Qd3d6 Qb6xd6
37.Rd1xd6 Ke7
38.Rd6c6 Nf6d7
39.Kf1 Nd7f6
40.Rc6xc5 Kd6
41.Rc5c6 Ke7
42.Rc6c5 Kd6
43.Rc5c8 Nf6d5
44.Rc8c6 Ke7
45.Ke2 Nd5b4
46.Rc6c4 f5
47.Rc4c5 Kd6
48.Rc5c8 Ra7c7
49.Rc8d8 Ke7
50.Rd8e8 Kf7
51.c4 Nb4a6
52.Re8xe5 Kf6
53.Re5e8 Na6c5
 { time }
0-1

[Event "Tourn. n8720"]
[Site "www.chess-mail.com"]
[Date "2016.06.28"]
[Round "1"]
[White "Numanoid"]
[Black "Yangqi"]
[WhiteElo "2470"]
[BlackElo "2660"]
[Result "0-1"]
[Round "1"]
1.e4 e6
2.d4 d5
3.e5 c5
4.c3 Nb8c6
5.Ng1f3 Qd8b6
6.Bf1e2 cxd4
7.cxd4 Ng8h6
8.Nb1c3 Nh6f5
9.Nc3a4 Qb6a5
10.Bc1d2 Bf8b4
11.Bd2c3 Bb4xc3
12.Na4xc3 Qa5b6
13.Be2b5 Bc8d7
14.Bb5xc6 Bd7xc6
15.b3 Bc6b5
16.Nc3xb5 Qb6xb5
17.Qd1e2 Qb5b6
18.O-O O-O
19.Qe2d2 Ra8c8
20.Rf1c1 h6
21.g4 Nf5e7
22.Kg2 Ne7g6
23.h4 Ng6e7
24.h5 Qb6a6
25.Nf3h4 Qa6b6
26.Nh4f3 Rf8e8
27.Nf3h4 a6
 { time }
0-1

[Event "Tourn. n8684"]
[Site "www.chess-mail.com"]
[Date "2016.06.28"]
[Round "1"]
[White "Szustan"]
[Black "Greghghs"]
[WhiteElo "2620"]
[BlackElo "2340"]
[Result "1/2-1/2"]
[Round "1"]
1.e4 e5
2.Ng1f3 Nb8c6
3.Nb1c3 Ng8f6
4.d4 exd4
5.Nc3d5 Bf8e7
6.Bc1f4 d6
7.Nf3xd4 O-O
8.Nd4b5 Nf6xd5
9.exd5 Nc6e5
10.Bf1e2 Ne5g6
11.Bf4g3 f5
12.f4 Be7f6
13.O-O Bf6xb2
14.Ra1b1 Bb2f6
15.Be2f3 b6
16.Nb5d4 Bf6xd4
17.Qd1xd4 Bc8a6
18.c4 Qd8d7
19.Bg3f2 Ra8e8
20.h4 Qd7d8
21.h5 Ng6h8
22.Qd4c3 Rf8f7
23.Rb1c1 Ba6c8
24.g3 Rf7e7
25.h6 Nh8g6
26.Bf2d4 Qd8d7
27.hxg7 Re7xg7
28.Bd4xg7 Qd7xg7
29.Qc3xg7 Kxg7
30.Rc1e1 Re8xe1
31.Rf1xe1 Bc8d7
32.Kf2 Kf6
33.Ke3 Bd7c8
34.Kd4 Bc8d7
35.Bf3d1 { draw }
1/2-1/2

[Event "Tourn. n8803"]
[Site "www.chess-mail.com"]
[Date "2016.06.28"]
[Round "1"]
[White "Paaliaq"]
[Black "Numanoid"]
[WhiteElo "2490"]
[BlackElo "2450"]
[Result "1-0"]
[Round "1"]
1.d4 d5
2.c4 e6
3.Ng1f3 c6
4.Qd1c2 Ng8f6
5.Bc1g5 Nb8d7
6.Nb1d2 h6
7.Bg5f4 Bf8e7
8.e3 O-O
9.a3 a5
10.cxd5 exd5
11.h3 c5
12.Bf1b5 c4
13.b3 cxb3
14.Qc2xb3 a4
15.Qb3b2 Qd8a5
16.O-O Nf6e4
17.Nd2xe4 dxe4
18.Nf3d2 Nd7f6
19.Rf1c1  { time }
1-0

[Event "Tourn. n8749"]
[Site "www.chess-mail.com"]
[Date "2016.06.28"]
[Round "1"]
[White "Seger"]
[Black "Orhany24"]
[WhiteElo "2750"]
[BlackElo "2250"]
[Result "1-0"]
[Round "1"]
1.e4 e5
2.Ng1f3 Nb8c6
3.Bf1b5 a6
4.Bb5c4 Bf8e7
5.d4 exd4
6.Nf3xd4 Ng8f6
7.Nd4xc6 dxc6
8.Qd1xd8 Be7xd8
9.f3 O-O
10.a4 Bd8e7
11.Kf2 Be7c5
12.Bc1e3 Bc5xe3
13.Kxe3 Rf8e8
14.Nb1c3 Bc8d7
15.Rh1d1 Ra8d8
16.a5 Bd7e6
17.Bc4xe6 fxe6
18.Nc3a4 Nf6d7
19.b3 Kf7
20.Rd1d2 Ke7
21.Na4b2 e5
22.Nb2c4 Ke6
23.Ra1d1 Re8e7
24.h4 h5
25.b4 Rd8g8
26.Nc4d6 Rg8b8
27.Nd6f5 Re7f7
28.Rd2d6 { resign }
1-0

[Event "Tourn. n8791"]
[Site "www.chess-mail.com"]
[Date "2016.06.28"]
[Round "1"]
[White "Esperanza"]
[Black "Jjmcbride"]
[WhiteElo "1569"]
[BlackElo "1640"]
[Result "1-0"]
[Round "1"]
1.e4 e5
2.Ng1f3 Bf8d6
3.Bf1c4 Ng8f6
4.Nb1c3 h6
5.O-O a6
6.d4 b5
7.Bc4xf7 Kxf7
8.dxe5 b4
9.exf6 bxc3
10.Qd1d5 Kxf6
11.e5 Bd6xe5
12.Qd5xe5 Kf7
13.Qe5d5 Kf8
14.Qd5xa8 Nb8c6
15.bxc3 Kg8
16.Nf3d4 Kh7
17.Nd4xc6 dxc6
18.Qa8xc6 Rh8e8
19.Bc1f4 Re8e6
20.Qc6xc7 Qd8f8
21.Bf4g3  { time }
1-0

[Event "Match"]
[Site "www.echecsemail.com"]
[Date "2016.06.28"]
[Round "1"]
[White "Chtoubidou"]
[Black "Kampungboy"]
[WhiteElo "1910"]
[BlackElo "1499"]
[Result "0-1"]
[Round "1"]
1.e4 e5
2.Bf1c4 Ng8f6
3.d3 Bf8c5
4.Nb1c3 c6
5.Ng1f3 d6
6.h3 h6
7.O-O O-O
8.Nc3a4 b5
9.Na4xc5 bxc4
10.Nc5a4 cxd3
11.cxd3 c5
12.Nf3h2 Nb8c6
13.f4 Bc8a6
14.Na4c3 exf4
15.Bc1xf4 Nc6e5
16.Bf4xe5 dxe5
17.Rf1f3 Ra8b8
18.b3 Qd8d4
{ resign }
0-1

[Event "Match"]
[Site "www.echecsemail.com"]
[Date "2016.06.28"]
[Round "1"]
[White "Pinehill"]
[Black "Pare123"]
[WhiteElo "2060"]
[BlackElo "1980"]
[Result "1-0"]
[Round "1"]
1.e4 c5
2.Ng1f3 Nb8c6
3.d4 cxd4
4.Nf3xd4 e5
5.Nd4b5 Qd8a5
6.Nb1c3 a6
7.Nb5d6 Bf8xd6
8.Qd1xd6 Ng8e7
9.Bc1d2 Qa5b6
10.Nc3a4 Qb6d8
11.O-O-O O-O
12.Bd2c3 Ne7g6
13.Na4c5 Rf8e8
14.f3 b6
15.Nc5xd7 Bc8xd7
16.Qd6xd7 Qd8xd7
17.Rd1xd7 b5
18.a3 f6
19.g3 Ng6f8
20.Rd7c7 Nc6d4
21.Bc3xd4 exd4
22.Bf1d3 Nf8e6
23.Rc7c6 Kh8
24.b4 Ne6g5
25.f4 Ng5f7
26.g4 Nf7h6
27.h3 Nh6g8
28.g5 fxg5
29.fxg5 Ng8e7
30.Rc6e6 Ne7g6
31.Re6xe8 Ra8xe8
32.h4 Re8f8
33.h5 Ng6e5
34.Kd1 Rf8f4
35.g6 hxg6
36.hxg6 Kg8
37.Rh1g1 Rf4f6
38.Ke2 Ne5xg6
39.Rg1g5 Rf6e6
40.Kf3 Ng6e5
41.Kf4 Ne5f7
42.Rg5c5 g6
43.Rc5c8 Kg7
44.Rc8c7 Kf6
45.Rc7d7 g5
46.Kg3 Re6d6
47.e5 { resign }
1-0

[Event "Match"]
[Site "www.echecsemail.com"]
[Date "2016.06.28"]
[Round "1"]
[White "Pinehill"]
[Black "Silent1"]
[WhiteElo "2070"]
[BlackElo "1860"]
[Result "1-0"]
[Round "1"]
1.e4 c6
2.d4 d5
3.Nb1d2 dxe4
4.Nd2xe4 e6
5.Ng1f3 Bf8e7
6.Bf1e2 Nb8d7
7.O-O Ng8f6
8.Ne4xf6 Nd7xf6
9.c3 h6
10.Bc1f4 O-O
11.Bf4g3 Nf6h5
12.Bg3e5 Nh5f6
13.Be2d3 Be7d6
14.Rf1e1 Bd6xe5
15.Nf3xe5 Nf6d7
16.Qd1c2 Nd7f6
17.h3 Nf6d5
18.Qc2d2 Nd5f6
19.Re1e3 Nf6d7
20.Bd3c2 Nd7f6
21.c4 Bc8d7
22.Ra1e1 a6
23.Qd2d3 Ra8b8
24.Ne5g4 g6
25.Ng4xh6 Kg7
26.Nh6xf7 { resign }
1-0

[Event "Match"]
[Site "www.echecsemail.com"]
[Date "2016.06.28"]
[Round "1"]
[White "Gatrooper"]
[Black "Jjmcbride"]
[WhiteElo "1500"]
[BlackElo "1650"]
[Result "1-0"]
[Round "1"]
1.e4 e5
2.a3 d6
3.h3 c6
4.Ng1f3 Ng8f6
5.Nb1c3 d5
6.exd5 Bf8d6
7.d3 Nf6xd5
8.Bc1g5 f6
9.Bg5d2 b6
10.Nc3xd5 cxd5
11.Bf1e2 e4
12.dxe4 dxe4
13.Nf3h2 Bd6xh2
14.Rh1xh2 O-O
15.Be2c4  { time }
1-0

[Event "1/128 Finale"]
[Site "www.chess-mail.com"]
[Date "2016.06.28"]
[Round "1"]
[White "Amaya"]
[Black "Guidom"]
[WhiteElo "2020"]
[BlackElo "2090"]
[Result "1-0"]
[Round "1"]
1.d4 d5
2.e3 c6
3.Bf1d3 Ng8f6
4.Nb1d2 e6
5.f4 Bf8d6
6.Ng1f3 Nb8d7
7.O-O O-O
8.Nf3e5 c5
9.c3 c4
10.Bd3c2 a6
11.Qd1f3 Bd6xe5
12.fxe5 Nf6e8
13.e4 Nd7b6
14.exd5 exd5
15.Qf3h5 g6
16.Qh5h6 Ne8g7
17.Nd2f3 f6
18.exf6 Qd8xf6
19.Bc1g5 Qf6d6
20.Nf3e5 Ng7f5
21.Bc2xf5 Bc8xf5
22.Ra1e1 Ra8e8
23.Ne5f3 Bf5e4
24.Nf3e5 Nb6d7
25.Ne5g4 Rf8xf1
26.Re1xf1 Be4f5
27.Ng4e3 Bf5d3
28.Rf1f7 Kxf7
29.Qh6xh7 Ke6
30.Qh7h3 Bd3f5
31.Ne3xf5 gxf5
32.Qh3h6 Nd7f6
33.Qh6xf6 Kd7
34.Qf6f7 Re8e7
35.Qf7xe7 Qd6xe7
36.Bg5xe7 Kxe7
37.h4 Kf6
38.Kf2 Kg6
39.Kf3 Kh5
40.g3 Kg6
41.Kf4 b5
42.h5 Kxh5
43.Kxf5 a5
44.Ke5 b4
45.Kxd5 { resign }
1-0

[Event "1/32 Finale"]
[Site "www.chess-mail.com"]
[Date "2016.06.28"]
[Round "1"]
[White "Snoopy"]
[Black "Numanoid"]
[WhiteElo "2389"]
[BlackElo "2470"]
[Result "1-0"]
[Round "1"]
1.b3 e5
2.Bc1b2 Nb8c6
3.e3 Ng8f6
4.Bf1b5 Bf8d6
5.Nb1a3 Nc6a5
6.Bb5e2 a6
7.Ng1f3 O-O
8.O-O Qd8e7
9.Na3c4 Na5xc4
10.Be2xc4 b5
11.Bc4e2 Bc8b7
12.c4 bxc4
13.Be2xc4 c5
14.Nf3h4 g6
15.Qd1c2 Bd6c7
16.f4 d5
17.Bc4e2 Nf6e4
18.g3 Ra8c8
19.d3 Ne4f6
20.fxe5 Bc7xe5
21.Bb2xe5 Qe7xe5
22.Nh4f3 Qe5xe3
23.Kg2 d4
24.Ra1e1 Qe3h6
25.Kg1 Qh6h3
26.Be2d1 Nf6d5
27.Nf3g5 Qh3h6
28.Ng5e4 Nd5e3
29.Qc2d2 Bb7xe4
30.dxe4 Kg7
31.Rf1f4 g5
32.Rf4f3 Qh6g6
33.Qd2d3 Rf8e8
34.Bd1c2  { time }
1-0

[Event "Fast Game"]
[Site "www.echecsemail.com"]
[Date "2016.06.28"]
[Round "1"]
[White "Jhzes"]
[Black "Cal"]
[WhiteElo "1809"]
[BlackElo "1630"]
[Result "0-1"]
[Round "1"]
1.d4 d5
2.Nb1c3 e6
3.Bc1f4 h6
4.e4 Bf8b4
5.f3 dxe4
6.fxe4 Nb8c6
7.Ng1f3 Bb4xc3
8.bxc3 Ng8f6
9.Bf1d3 a6
10.h3 b5
11.O-O O-O
12.g4 Bc8b7
13.e5 Nf6d5
14.Bf4d2 f6
15.exf6 Nd5xf6
16.Qd1e1 Qd8d5
17.Bd2f4 Ra8e8
18.Bf4xc7 Re8e7
19.Bc7b6 Nf6d7
20.Bd3e4 Qd5d6
21.Be4xc6 Qd6xc6
22.Bb6a5 Rf8xf3
23.Qe1e2 Rf3g3
24.Kf2 Rg3g2
25.Ke1 Rg2xe2
26.Kxe2 e5
{ resign }
0-1

[Event "Fast Game"]
[Site "www.echecsemail.com"]
[Date "2016.06.28"]
[Round "1"]
[White "Hennie4820"]
[Black "Pellix84"]
[WhiteElo "1600"]
[BlackElo "1650"]
[Result "1/2-1/2"]
[Round "1"]
1.e4 c6
2.d4 d5
3.Nb1d2 dxe4
4.Nd2xe4 Nb8d7
5.Ng1f3 Ng8f6
6.Ne4g3 h6
7.Bf1c4 e6
8.O-O Bf8d6
9.c3 O-O
10.Qd1d3 b5
11.Bc4b3 Bc8b7
12.Bc1e3 a6
13.Bb3c2 Qd8c7
14.Ng3h5 Rf8d8
15.Nh5xf6 Nd7xf6
16.h3 c5
17.dxc5 Bb7xf3
18.gxf3 Bd6xc5
19.Qd3e2 Qc7e5
20.Rf1e1 Bc5d6
21.f4 Qe5h5
22.Kg2 g5
23.Qe2xh5 Nf6xh5
24.fxg5 Nh5f4
25.Be3xf4 Bd6xf4
26.gxh6 Bf4xh6
27.Re1d1 Kf8
28.Rd1xd8 Ra8xd8
29.Ra1d1 Rd8c8
30.Bc2e4 Ke7
31.Kf3 { draw }
1/2-1/2

[Event "Tourn. n8818"]
[Site "www.chess-mail.com"]
[Date "2016.06.29"]
[Round "1"]
[White "Daquata"]
[Black "Gatrooper"]
[WhiteElo "1750"]
[BlackElo "1600"]
[Result "1-0"]
[Round "1"]
1.e4 e5
2.Ng1f3 Nb8c6
3.Bf1c4 d6
4.d4 Bc8e6
5.d5 Be6xd5
6.Qd1xd5 Qd8f6
7.Bc4b5 a6
8.Bb5xc6 bxc6
9.Qd5xc6 Ke7
10.Bc1g5 Ra8c8
11.Bg5xf6 gxf6
12.Nb1c3 Kd8
13.O-O-O Ng8e7
14.Qc6xa6 Bf8g7
15.Nc3d5 Ne7xd5
16.Rd1xd5 h6
17.c4 Bg7f8
18.c5 Bf8e7
19.Kb1 Kd7
20.cxd6 Be7xd6
21.Rh1c1 Ke7
22.Nf3h4 Ke6
23.Nh4f5 Rc8a8
24.Qa6c6 Rh8d8
25.Nf5xd6 cxd6
26.Rd5xd6 Rd8xd6
27.Qc6xa8 f5
28.Rc1c6 Rd6xc6
29.Qa8xc6 Ke7
30.exf5 Kf8
31.f6 Kg8
32.Qc6e8 Kh7
33.Qe8xf7 Kh8
34.Qf7g7 { resign }
1-0

[Event "Tourn. n8711"]
[Site "www.chess-mail.com"]
[Date "2016.06.29"]
[Round "1"]
[White "Faerieking"]
[Black "Piekki"]
[WhiteElo "2230"]
[BlackElo "2120"]
[Result "1-0"]
[Round "1"]
1.e4 c5
2.Ng1f3 Nb8c6
3.d4 cxd4
4.Nf3xd4 Ng8f6
5.Nb1c3 d6
6.Bf1c4 e6
7.Bc1e3 Bf8e7
8.f4 a6
9.Nd4xc6 bxc6
10.O-O Qd8c7
11.Qd1f3 Bc8b7
12.Qf3g3 d5
13.exd5 cxd5
14.Bc4b3 O-O
15.Kh1 Ra8d8
16.Be3d4 Kh8
17.Nc3a4 Rd8e8
18.Ra1e1 Rf8g8
19.Qg3e3 Nf6e4
20.Re1c1 Be7f6
21.c4 dxc4
22.Bd4b6 Qc7e7
23.Rc1xc4 Re8c8
24.Rc4xe4 Bb7xe4
25.Qe3xe4 Rc8b8
26.Bb3c2 g6
27.Bb6d4 Rg8d8
28.Bd4xf6 Qe7xf6
29.Rf1d1 a5
30.h3 Rd8xd1
31.Bc2xd1 Rb8b4
32.Qe4a8 Kg7
33.Qa8xa5 Rb4xf4
34.Bd1f3 e5
35.Na4c3 Qf6f5
36.g4 Qf5e6
37.Qa5d5 Qe6xd5
38.Bf3xd5 f5
39.gxf5 gxf5
40.Kg2 Rf4d4
41.a4 { resign }
1-0

[Event "Tourn. n8833"]
[Site "www.chess-mail.com"]
[Date "2016.06.29"]
[Round "1"]
[White "Bojan"]
[Black "Genius9"]
[WhiteElo "1990"]
[BlackElo "1850"]
[Result "1-0"]
[Round "1"]
1.c4 c6
2.b4 Ng8f6
3.c5 d5
4.Bc1b2 Bc8f5
5.Ng1f3 e6
6.Nf3h4 Bf8e7
7.Nh4xf5 exf5
8.g3 O-O
9.d3 Nb8d7
10.Bf1g2 a5
11.a3 axb4
{ time. }
1-0

[Event "Tourn. n8757"]
[Site "www.chess-mail.com"]
[Date "2016.06.29"]
[Round "1"]
[White "Jpmartinez"]
[Black "Marbachess"]
[WhiteElo "2580"]
[BlackElo "2530"]
[Result "0-1"]
[Round "1"]
1.d4 f5
2.Bc1g5 h6
3.Bg5h4 c6
4.e3 g6
5.Bf1d3 d6
6.Nb1d2 Bf8g7
7.Ng1e2 Ng8f6
8.Ne2f4 g5
9.Nf4h5 O-O
10.Nh5xg7 Kxg7
11.Bh4g3 Rf8e8
12.h4 e5
13.hxg5 hxg5
14.dxe5 dxe5
15.f3 Nb8a6
16.Bd3xa6 bxa6
17.Qd1e2 f4
18.Bg3f2 Qd8a5
19.O-O-O Qa5xa2
 { time }
0-1

[Event "Tourn. n8778"]
[Site "www.chess-mail.com"]
[Date "2016.06.29"]
[Round "1"]
[White "Claudia"]
[Black "Genius9"]
[WhiteElo "1810"]
[BlackElo "1860"]
[Result "1-0"]
[Round "1"]
1.d4 d5
2.c4 dxc4
3.Ng1f3 Ng8f6
4.e3 e6
5.Bf1xc4 a6
6.a4 c5
7.O-O Qd8c7
8.Qd1e2 Bf8e7
9.Nb1c3 O-O
10.Rf1d1 b6
11.e4 cxd4
12.Nf3xd4 Bc8b7
13.f3 Nb8c6
14.Bc1e3 Nc6xd4
{ time. }
1-0

[Event "Tourn. n8800"]
[Site "www.chess-mail.com"]
[Date "2016.06.29"]
[Round "1"]
[White "Genius9"]
[Black "Caspito"]
[WhiteElo "1840"]
[BlackElo "1790"]
[Result "0-1"]
[Round "1"]
1.d4 Ng8f6
2.c4 c6
3.Nb1c3 g6
4.e4 d6
5.Bf1e2 Bf8g7
6.Bc1e3 e5
7.dxe5 Nf6d7
8.exd6 Nd7e5
9.f4 Ne5d7
10.Be3d4 O-O
11.Bd4xg7 Kxg7
12.Ng1f3 Qd8b6
13.Qd1d4 Kg8
14.Qd4xb6 Nd7xb6
15.c5 Nb6d7
16.b4 a6
17.O-O b6
18.Nc3a4 b5
19.Na4c3 a5
20.a3 { time. }
0-1